Štatistická ročenka regiónov Slovenska 2018

Gespeichert in:
Bibliographische Detailangaben
Format: Buch
Sprache:Slowakisch
Englisch
Veröffentlicht: Bratislava Štatistický úrad Slovenskej republiky 2018
Schlagworte:
Tags: Tag hinzufügen
Keine Tags, Fügen Sie das erste Tag hinzu!

MARC

LEADER 00000nam a2200000 4500
001 0251561
005 20251126115344.7
020 |a 978-80-8121-685-5 
020 |a 978-80-8121-686-2 
041 0 |a slo 
041 0 |a eng 
044 |a SK 
245 1 0 |a Štatistická ročenka regiónov Slovenska 2018 
264 1 |a Bratislava  |b Štatistický úrad Slovenskej republiky  |c 2018 
300 |a 437 s. 
500 |a Zdroj dokumentu: Štatistický úrad SR 
610 2 0 |a Slovensko 
610 2 0 |a regióny 
610 2 0 |a vývoj hospodársky 
610 2 0 |a obyvateľstvo 
610 2 0 |a trh práce 
610 2 0 |a príjmy domácností 
610 2 0 |a výdavky obyvateľstva 
610 2 0 |a vzdelávanie 
610 2 0 |a zdravie 
610 2 0 |a ochrana sociálna 
610 2 0 |a kultúra 
610 2 0 |a účty 
610 2 0 |a poľnohospodárstvo 
610 2 0 |a priemysel 
610 2 0 |a energetika 
610 2 0 |a stavebníctvo 
610 2 0 |a obchod vnútorný 
610 2 0 |a doprava 
610 2 0 |a pošty 
610 2 0 |a spoločnosť informačná 
610 2 0 |a ruch cestovný 
610 2 0 |a prostredie životné 
610 2 0 |a veda 
610 2 0 |a kriminalita 
610 2 0 |a nehody 
610 2 0 |a požiare